| 000 | 00491nam a22001577a 4500 | ||
|---|---|---|---|
| 005 | 20251108165345.0 | ||
| 008 | 250721s1993 xx 000 0 ara d | ||
| 082 | 1 | 4 | _a962/مجد |
| 100 | 1 | _aالمجدوب، أحمد علي | |
| 245 | 1 | 0 | _aالوهم و الحقيقة في الفكر المصري الحديث / |
| 264 | 1 |
_aالقاهرة : _bالزهراء للإعلام العربي، _c1993. |
|
| 300 | _a377ص | ||
| 650 | 1 | 7 | _aتاريخ مصر |
| 942 |
_2ddc _cBK |
||
| 999 |
_c25926 _d25926 |
||